00278nam a2200121 a 450000500170000000800410001705000240005810000210008224500190010326000100012230000080013265000160014020140412111240.0020409s19uu xx 00 eng d aFil 959.9bH78 1991 aHatherly, Sheila aPhilippines /. c1991. a45p aPhilippines